The Damascus Events: the 1860 massacre and the destruction of the old Ottoman world

"On July 9, 1860, a violent mob swept through the Christian quarters of Damascus. For eight days, violence raged, leaving five thousand Christians dead, thousands of shops looted, and churches, houses, and monasteries razed. The sudden and ferocious outbreak shocked the world, leaving Syrian Ch...

Full description

Saved in:  
Bibliographic Details
Main Author: Rogan, Eugene L. 1960- (Author)
Format: Print Book
Language:English
Subito Delivery Service: Order now.
Check availability: HBZ Gateway
WorldCat: WorldCat
Interlibrary Loan:Interlibrary Loan for the Fachinformationsdienste (Specialized Information Services in Germany)
Published: London Allen Lane 2024
In:Year: 2024
Standardized Subjects / Keyword chains:B Ottoman Empire / Civil war in Lebanon (1860)
Further subjects:B Modern history to 20th century: c 1700 to c 1900
B Genocide & ethnic cleansing
B HIS055000
B HIS026040
B Middle Eastern history
B Damascus
B c 1800 to c 1900
B 19th Century / HISTORY / Modern
B Geschichte des Nahen und Mittleren Ostens
B Genozide und ethnische Säuberung
B Syria
B ca. 1860 bis ca. 1869
Online Access: Cover (Publisher)
Table of Contents
Unknown material type

MARC

LEADER 00000cam a2200000 c 4500
001 1888446722
003 DE-627
005 20251227180013.0
007 tu
008 240513s2024 xxk||||| 00| ||eng c
020 |a 9780241646908  |c Gebunden : EUR 34,90  |9 978-0-241-64690-8 
035 |a (DE-627)1888446722 
035 |a (DE-599)KXP1888446722 
035 |a (OCoLC)1433325645 
040 |a DE-627  |b ger  |c DE-627  |e rda 
041 |a eng 
044 |c XA-GB 
082 0 |a 956.914403 
084 |a NAHOST  |q DE-3  |2 fid 
084 |a 0  |2 ssgn 
084 |a 15.76  |2 bkl 
084 |a 15.68  |2 bkl 
084 |a 73.74  |2 bkl 
100 1 |e VerfasserIn  |0 (DE-588)124453899  |0 (DE-627)363359362  |0 (DE-576)294179224  |4 aut  |a Rogan, Eugene L.  |d 1960- 
109 |a Rogan, Eugene L. 1960-  |a Rogan, Eugene Lawrence 1960-  |a Rogan, Eugene 1960- 
245 1 4 |a The Damascus Events  |b the 1860 massacre and the destruction of the old Ottoman world  |c Eugene Rogan 
264 1 |a London  |b Allen Lane  |c 2024 
300 |a xvii, 377 Seiten, 8 ungezählte Blätter  |b Illustrationen, Karten 
336 |a Text  |b txt  |2 rdacontent 
337 |a ohne Hilfsmittel zu benutzen  |b n  |2 rdamedia 
338 |a Band  |b nc  |2 rdacarrier 
520 |a "On July 9, 1860, a violent mob swept through the Christian quarters of Damascus. For eight days, violence raged, leaving five thousand Christians dead, thousands of shops looted, and churches, houses, and monasteries razed. The sudden and ferocious outbreak shocked the world, leaving Syrian Christians vulnerable and fearing renewed violence. Drawn from never-before-seen eyewitness accounts of the Damascus Events, eminent Middle East historian Eugene Rogan tells the story of how a peaceful multicultural city came to be engulfed in slaughter. He traces how rising tensions between Muslim and Christian communities led some to regard extermination as a reasonable solution. Rogan also narrates the wake of this disaster, and how the Ottoman government moved quickly to retake control of the city, end the violence, and reintegrate Christians into the community. These efforts to rebuild Damascus proved successful, preserving peace for the next 150 years until 2011. The Damascus Events offers a vivid history, one that masterfully uncovers the outbreak of violence that unmade a great city and examines the possibility, even after searing conflict and unimaginable tragedy, of repair"-- 
520 |a A superb account of the 1860 Damascus massacres-much neglected nowadays but central to the creation of the modern Middle East Simon Sebag Montefiore A stunning portrait of the Ottoman Empire and of Damascus during a time of crisis. Absolutely riveting Peter FrankopanThis remarkable book recreates one of the watershed moments in the history of the Middle East: the ferocious outbreaks of disorder across the Levant in 1860 which resulted in the massacre of thousands of Christians in Damascus.Eugene Rogan brilliantly recreates the lost world of the Middle East under Ottoman rule. The once mighty empire was under pressure from global economic change and European imperial expansion. Reforms in the mid-nineteenth century raised tensions across the empire, nowhere more so than in Damascus. A multifarious city linked by caravan trade to Baghdad, the Mediterranean and Mecca, the chaos of languages, customs and beliefs made Damascus a warily tolerant place. Until the reforms began to advantage the minority Christian community at the expense of the Muslim majority.But in 1860 people who had generally lived side by side for generations became bitter enemies as news of civil war in Mount Lebanon arrived in the city. Under the threat of a French expeditionary force, the Ottomans dealt with the disaster effectively and ruthlessly - but the old, generally quite tolerant Damascene world lay in ruins. It would take a quarter of a century to restore stability and prosperity to the Syrian capital.This is both an essential book for understanding the emergence of the modern Middle East from the destruction of the old Ottoman world, and a uniquely gripping story 
648 4 |a c 1800 to c 1900 
648 4 |a ca. 1860 bis ca. 1869 
650 4 |a Genocide & ethnic cleansing 
650 4 |a Genozide und ethnische Säuberung 
650 4 |a Geschichte des Nahen und Mittleren Ostens 
650 4 |a HIS026040 
650 4 |a HIS055000 
650 4 |a HISTORY / Modern / 19th Century 
650 4 |a Middle Eastern history 
650 4 |a Modern history to 20th century: c 1700 to c 1900 
651 4 |a Damaskus 
651 4 |a Syria 
689 0 0 |d g  |0 (DE-588)4075720-1  |0 (DE-627)10471350X  |0 (DE-576)209199148  |2 gnd  |a Osmanisches Reich 
689 0 1 |d s  |0 (DE-588)4403036-8  |0 (DE-627)194073831  |0 (DE-576)212079506  |2 gnd  |a Bürgerkrieg im Libanon  |g 1860 
689 0 |5 (DE-627) 
856 4 2 |u http://www.gbv.de/dms/bowker/toc/9781541604278.pdf  |m DE-601  |q pdf/application  |v 2024-08-28  |x Aggregator  |3 Inhaltsverzeichnis  |7 1 
856 4 2 |u https://www.dietmardreier.de/annot/426F6F6B446174617C7C393738303234313634363930387C7C434F50.jpg?sq=1  |x Verlag  |3 Cover  |7 1 
856 4 2 |u https://de.wikipedia.org/w/index.php?title=B%C3%BCrgerkrieg_im_Libanongebirge&oldid=250097436  |7 1 
936 b k |a 15.76  |j Vorderer und mittlerer Orient  |x Geschichte  |0 (DE-627)181571064 
936 b k |a 15.68  |j Türkei  |x Geschichte  |0 (DE-627)181570319 
936 b k |a 73.74  |j Interethnische Beziehungen  |x Ethnologie  |0 (DE-627)181571315 
951 |a BO 
ELC |b 1 
ITA |a 1  |t 1 
LOK |0 000 xxxxxcx a22 zn 4500 
LOK |0 001 4522606575 
LOK |0 003 DE-627 
LOK |0 004 1888446722 
LOK |0 005 20240612085122 
LOK |0 008 240514||||||||||||||||ger||||||| 
LOK |0 040   |a DE-21  |c DE-627  |d DE-21 
LOK |0 852   |a DE-21 
LOK |0 852 1  |c 64 A 2606  |9 00 
LOK |0 938   |a 2406  |f 15 
LOK |0 939   |a 14-05-24  |b l01 
ORI |a SA-MARC-ixtheoa001.raw 
REL |a 1 
STA 0 0 |a Damascus,Ottoman Empire 
SUB |a REL 
SYF 0 0 |a Damaskus , Dimaschk esch-Scham,Dimašq,Dimašq aš-Šām,Damas,Damascus,aš-Šām , Συρία , Provinz Syria,Provincia Syria 
SYG 0 0 |a Europäische Türkei,Ottomanisches Reich,Empire Ottoman,Daulat-i ʿAlīya-i ʿUṯmānīya,Devlet-i Aliye Osmaniye,Hohe Pforte,Staat Pforte,Bâb-ı Âlî,Sublime Porte,Bâb-ı Âsafî,Hükumet Kapısı,Vysokaja Porta,Blistatelʾnaja Porta,Paşa Kapısı,Ottomannische Pforte,Othōmanikē Autokratoria,Osmanlı İmperatorluğu 
TIM |a 000000000000_100019221231  |b  - 1922